书目信息 |
| 题名: |
材料学基础
|
|
| 作者: | 刘天模 , 张喜燕 , 黄维刚 主编 | |
| 分册: | ||
| 出版信息: | 北京 机械工业出版社 2004.02 |
|
| 页数: | 221页 | |
| 开本: | 24cm | |
| 丛书名: | 普通高等工科教育规划教材 | |
| 单 册: | ||
| 中图分类: | TB3 | |
| 科图分类: | ||
| 主题词: | 材料科学--高等学校--教材 | |
| 电子资源: | ||
| ISBN: | 7-111-13781-7 | |
| 000 | 00997nam2 2200289 450 | |
| 001 | 0147897032 | |
| 005 | 20050923161447.79 | |
| 010 | @a7-111-13781-7@dCNY18.00 | |
| 100 | @a20050726d2004 km y0chiy0120 ea | |
| 101 | 0 | @achi |
| 102 | @aCN@b110000 | |
| 105 | @aa a 000yy | |
| 200 | 1 | @a材料学基础@Acai liao xue ji chu@e非机类@f刘天模, 张喜燕, 黄维刚主编@Fliu tian mo,zhang xi yan,huang wei gang zhu bian |
| 210 | @a北京@c机械工业出版社@d2004.02 | |
| 215 | @a221页@c图@d24cm | |
| 225 | 2 | @a普通高等工科教育规划教材 |
| 320 | @a有书目。 | |
| 330 | @a本书系统地介绍材料学基本知识,涉及材料的性能、结构、制备方法等材料学基础理论,并系统地介绍了各种材料的应用。 | |
| 410 | 0 | @12001 @a普通高等工科教育规划教材 |
| 517 | 1 | @a非机类@Afei ji lei |
| 606 | 0 | @a材料科学@x高等学校@j教材 |
| 690 | @aTB3@v4 | |
| 701 | 0 | @a刘天模@Aliu tian mo@4主编 |
| 701 | 0 | @a张喜燕@Azhang xi yan@4主编 |
| 701 | 0 | @a黄维刚@Ahuang wei gang@4主编 |
| 801 | 0 | @aCN@bQSSK@c20050923 |
| 905 | @a10447@dTB3@eL684 | |
| 材料学基础:非机类/刘天模, 张喜燕, 黄维刚主编.-北京:机械工业出版社,2004.02 |
| 221页:图;24cm.-(普通高等工科教育规划教材) |
| ISBN 7-111-13781-7:CNY18.00 |
| 本书系统地介绍材料学基本知识,涉及材料的性能、结构、制备方法等材料学基础理论,并系统地介绍了各种材料的应用。 |
| ● |
| 相关链接 |
|
|
|
正题名:材料学基础
索取号:TB3/L684
 
预约/预借
| 序号 | 登录号 | 条形码 | 馆藏地/架位号 | 状态 | 备注 |
| 1 | 526557 | 205265577 | 自科库501/501自科库 8排3列5层/ [索取号:TB3/L684] | 在馆 | |
| 2 | 526558 | 205265586 | 自科库501/501自科库 8排3列5层/ [索取号:TB3/L684] | 在馆 | |
| 3 | 526559 | 205265595 | 自科库501/501自科库 8排3列5层/ [索取号:TB3/L684] | 在馆 |